01416nam a2200277 i 4500001000700000003000900007005001700016008004100033245013400074260004800208300003100256505037700287600003900664610003200703610003500735700003000770700004800800700002700848700003400875700003900909700003700948740004200985740004701027740004001074852002401114190507ES-MaACL20250804105439.0210421s2003 sp a 000 0 spa d03aEl Ateneo Científico, Artístico y Literario de Madrid / ccoordinado por Olga López, José Manuel López y Esteban Orive. a[Madrid : bRevista Cálamo FASPE, c2003] a[20] p. : bil. ; c30 cm.8 aContiene: El Ateneo de Madrid, una perspectiva / José Siles Artés. Ateneo de Madrid: "una casa con pedigrí" / Ignacio Amestoy. La Biblioteca del Ateneo de Madrid / Luis Español Bouché. El Ateneo del siglo XXI: la nueva imagen del Ateneo. Entrevista a José Luis Abellán, presidente del Ateneo / José Manuel López Sánchez-Caballero y Esteban Orive Castro14aAbellán, José Luis,d1933-202324aAteneo de Madrid-vHistoria24aAteneo de Madrid. bBiblioteca1 aLópez González, Olga.1 aLópez Sánchez-Caballero, José Manuel.1 aOrive Castro, Esteban.1 aSiles Artés, José,d1930-1 aAmestoy Eguiguren, Ignacio,d1947-1 aEspañol Bouché, Luis,d1964-32aEl Ateneo de Madrid, una perspectiva.02aAteneo de Madrid: "una casa con pedigrí"32aLa Biblioteca del Ateneo de Madrid.4 aES-MaACLj2342-F-30